000 00431nam a2200157Ia 4500
008 210716s2011 xx 000 0 und d
020 _a9788177587784
041 _aeng
082 _a003.54 ALTS
100 _aAlter, Steven.
245 _aInformation systems: foundation of e-business.
_bFoundation of e-business.
250 _a4
260 _aNew Delhi
_bPearson
_c2011
300 _a615
650 _aInformation Theory(003.54)
999 _c191426
_d191426